000 01771nam a2200505 i 4500
001 52850
003 KOSZ 005
005 20190830110457.0
008 050715s2005 pl a f f |001 0 pol
015 _aPB 2005/13087
020 _a8389388391
035 _a991027572889705066
035 _a(PL-WaBN)b17474656-48omnis_nlop
035 _ab17474656
035 _a(OCoLC)830673443
035 _a(PL)b0000001747465
035 _a(EXLNZ-48OMNIS_NETWORK)9910264935805606
040 _aWA N
_cWA N
_dKOSZ 005/HR
041 0 _apol
080 _a512.64
080 _a(075.8)
100 1 _aTurowicz, Andrzej
_d(1904-1989)
_eAutor
245 1 0 _aTeoria macierzy :
_bwykłady na studium doktoranckim w zakresie automatyki i elektrotechniki w roku akademickim 1970/71 /
_cAndrzej Turowicz ; spisał Wojciech Mitkowski.
250 _aWyd. 6.
260 _aKraków :
_bAGH. Uczelniane Wydawnictwa Naukowo-Dydaktyczne,
_c2005.
300 _a243, [1] s. :
_b1 portr., rys., wykr. ;
_c24 cm.
336 _2rdacontent
_aTekst
_btxt
337 _2rdamedia
_aBez urządzenia pośredniczącego
_bn
338 _2rdacarrier
_aWolumin
_bnc
380 _aKsiążki
380 _aPublikacje dydaktyczne
385 _mPoziom nauczania
_aSzkoły wyższe
388 _a1901-2000
388 _a2001-
500 _aU góry s. tyt.: W setną rocznicę urodzin.
504 _aIndeks.
650 7 _aMacierze
_2DBN
655 7 _aPodręczniki akademickie
_2DBN
658 _aMatematyka
700 1 _aMitkowski, Wojciech
_d(1946- )
_eOpracowanie
710 2 _aWydawnictwa AGH
_4pbl
856 _uhttp://koha.tu.koszalin.pl/cgi-bin/koha/opac-detail.pl?biblionumber=52850
_yKatalog online BPK
942 _2UKD
_cKS
999 _c52850
_d52850